Регионална библиотека "Любен Каравелов" - Русе

Творческата еволюция на Любомир Пипков (Запис номер 13842)

MARC детайли
000 -Лидер
Контролно поле с фиксирана дължина 01622nam a2200361 c 4500
003 - Код на организацията, давaща контролен номер
Контролно поле BLK
005 - Дата и час на последна редакция
Контролно поле 20230801122139.0
008 - Елементи от данни с фиксирана дължина
fixed length control field 180412b bul|||||r ||||||| ||bul||
010 ## - Наследен системен номер
LC control number KNG00015530000
020 ## - Международен стандартен номер на книга ISBN
Международен стандартен номер на книга ISBN 954-90024-4-6
-- издат.: Арткооп - на том(т. 1)
040 ## - Източник на каталожния запис
Идентификатор на билиотеката - собственик на записа BLK
041 ## - Код за език
Код за езика на текст/звукозапис или на отделно заглавие Български
Код за езика КДБФ Български
080 ## - УДК
Текстов определител УДК Музиканти-творци, композитори
УДК код - определител по УДК 78.071.1
УДК определител (497.2)(092)
УДК - код + определител 78.071.1(497.2)(092)
080 ## - УДК
Текстов определител УДК Български композитор
УДК код - определител по УДК 929 Пипков, Любомир Панайотов
УДК определител
УДК - код + определител 929 Пипков, Любомир Панайотов
100 ## - Редна дума - Автор
Автор Хлебаров, Иван Атанасов
Дати, свързани с автора 1934-2015
R(LIN) 375378
139 ## - Редно поле
Редна дума Хлебаров, Иван Атанасов
Авторски знак Пил - П 52
245 10 - Сведения за заглавието
Заглавие Творческата еволюция на Любомир Пипков
Подзаглавни данни Т. 1 -
Редно поле (дума) Иван Атанасов Хлебаров.
Том T. 1
257 ## - Страна на издаване
Страна на създаване/издаване България
260 ## - Област на издателските данни
-- София
Година на издаване 1996
300 ## - Физическа характеристика
Размери/Мащаб 21 см
380 ## - Жанр
Жанр Изкуство
600 #0 - Име на лице, използвано като предмет
За него / За нея Пипков, Любомир Панайотов
Свързани дати 1904-1974
9 (RLIN) 428881
650 #4 - Допълнително описание по предмет – тема
Основно описание – тема или топоним Композитори, български
9 (RLIN) 241861
653 ## - Ключова дума – ненормативна
Ключова дума композитори
653 ## - Ключова дума – ненормативна
Ключова дума Любомир Пипков
760 1# - Описание на основната серия
-- - на том(т. 1)
Редна дума на основното описание Хлебаров, Иван Атанасов
Място на издаване, издател и година Арткооп, 1996
Страници - том 284 с. : с ноти, портр., 10 л. ил., портр., факс.
Заглавие T. 1
852 ## - Местоположение
Форматна сигнатура Цб 218897
856 4# - Електронен адрес и достъп
Електронен формат pdf - файл
Път до файла /url/
856 4# - Електронен адрес и достъп
Електронен формат pdf - файл
Път до файла /url/
942 ## - АРТИКУЛИ
Вид на библиотечния материал Книги
Скрит в OPAC Не
944 ## - СЪЗДАВАНЕ И РЕДАКЦИЯ на ЗАПИСА
Създаване/Редакция Създаване
Дата на регистрацията/редакция 15.01.2003
Служител, извършил регистрацията/редакцията 30556
Статус, дата на статуса Теодора Пейчева-Дянкова
944 ## - СЪЗДАВАНЕ И РЕДАКЦИЯ на ЗАПИСА
Създаване/Редакция Редакция
Дата на регистрацията/редакция 19.04.2004
Служител, извършил регистрацията/редакцията
999 ## - СИСТЕМНИ КОНТРОЛНИ НОМЕРА
Koha biblionumber 13842
Koha biblioitemnumber 13842
Наличности
Код за отписване Код за изгубен артикул Източник на класификационната схема Код за повреда Коз за рестрикции Код за отдаване Артикулен № Име на библиотеката - собственик Име на библиотеката, в която се намира в момента Статус (Текущо местоположение) Дата на вписване в системата Местоположение - отдел Цена в лева Инвентарен номер Систематично азбучна сигнатура Баркод Номер на екземпляра Цена в евро Служебна бележка Служебен тип на артикула
  Не е изгубен Universal Decimal Classification Не е повреден без рестрикции ползва се в читалня 23755 Регионална библиотека "Любен Каравелов" Русе Регионална библиотека "Любен Каравелов" Русе Хранилище 2004-04-08 Основен фонд - ползва се само за читалня 8.00 120000684398 Цб 298295 120000684398 1 4.09 Дост: DA Вид: А N: 11 Дата: 08.04.2004 Дата инв: 19.06.2012 Бележки инв: Книги
Vip Innovations Ltd, Rousse, Bulgaria 2025